00604nam a2200169 i 450000100060000000300090000600500170001500700030003200800410003510000180007624501170009426001030021130000410031470000280035570000190038385200320040272508ES-MaACL20230906171445.0t|040901s1964 sp ||||1| spa d1 aGiron, Pedro.10aCrónica del emperador Carlos V / cPedro Giron ; edicion de Juan Sánchez Montes ; prólogo de Peter Rassow. aMadrid : bConsejo Superior de Investigaciones Científicas, Escuela de Historia Moderna, c1964. aLX, 33, 618 p., 15 lám. ; c25 cm.1 aSánchez Montes, Juan.1 aRassow, Peter. aES-MaACLjC-25846 bR.54701